50 questions on the natural law: (Record no. 7667)

MARC details
000 -LEADER
fixed length control field 01129nam a22003137a 4500
001 - CONTROL NUMBER
control field 207953
003 - CONTROL NUMBER IDENTIFIER
control field TZ-ArACH
005 - DATE AND TIME OF LATEST TRANSACTION
control field 20251111155424.0
008 - FIXED-LENGTH DATA ELEMENTS--GENERAL INFORMATION
fixed length control field 990416s1999 cau b 001 0 eng
010 ## - LIBRARY OF CONGRESS CONTROL NUMBER
LC control number 99073020
020 ## - INTERNATIONAL STANDARD BOOK NUMBER
International Standard Book Number 9780898707502
035 ## - SYSTEM CONTROL NUMBER
System control number 207953
040 ## - CATALOGING SOURCE
Original cataloging agency DLC
Transcribing agency DLC
Modifying agency DLC
050 00 - LIBRARY OF CONGRESS CALL NUMBER
Classification number K468
Item number .R53 1999
100 1# - MAIN ENTRY--PERSONAL NAME
Personal name Rice, Charles E.
Dates associated with a name 1931-
245 10 - TITLE STATEMENT
Title 50 questions on the natural law:
Remainder of title What it is and why we need it
Statement of responsibility, etc Charles E. Rice.
246 3# - VARYING FORM OF TITLE
Title proper/short title Fifty questions on the natural law
250 ## - EDITION STATEMENT
Edition statement Rev. ed.
260 ## - PUBLICATION, DISTRIBUTION, ETC. (IMPRINT)
Place of publication, distribution, etc San Francisco:
Name of publisher, distributor, etc Ignatius Press;
Date of publication, distribution, etc 1999.
300 ## - PHYSICAL DESCRIPTION
Extent 411 p. ;
Dimensions 21 cm.
504 ## - BIBLIOGRAPHY, ETC. NOTE
Bibliography, etc Includes bibliographical references and index.
650 #0 - SUBJECT ADDED ENTRY--TOPICAL TERM
Topical term or geographic name as entry element Natural law
Form subdivision Miscellanea.
650 #0 - SUBJECT ADDED ENTRY--TOPICAL TERM
Topical term or geographic name as entry element Natural law
Form subdivision Popular works.
655 #7 - INDEX TERM--GENRE/FORM
Genre/form data or focus term Trivia and miscellanea.
Source of term lcgft
906 ## - LOCAL DATA ELEMENT F, LDF (RLIN)
a 7
b cbc
c orignew
d 2
e opcn
f 19
g y-gencatlg
942 ## - ADDED ENTRY ELEMENTS (KOHA)
Source of classification or shelving scheme Library of Congress Classification
Koha item type Books
Holdings
Home library Current library Date acquired Full call number Barcode Koha item type
African Court on Human and Peoples' Rights Library African Court on Human and Peoples' Rights Library 11/11/2025 K468 .R53 1999 10038833 Books

African Court on Human and Peoples' Rights | For Inquiries Contact » +255 272 510 510